000 00717nam a2200289Ia 4500
005 20260324135054.0
008 008 260324s9999 xx 000 0 eng d
020 _a9781315187792
037 _aEBOOK
040 _aCRL
040 _beng
040 _cCRL
041 _2eng
041 _aeng
084 _qCRL
100 _aJohn A. Vincent; Guy Patterson; Karen Wale
_91199225
245 0 _aPolitics and Old Age
245 0 _bOlder Citizens and Political Processes in Britain
260 _bTaylor and Francis
260 _c2001
365 _a
365 _b115
856 _uhttp://www.taylorfrancis.com/books/9781315187792
942 _cEBOOK
999 _c1799936
_d1799936